000 00725nam a22002297a 4500
003 CBULib
005 20231025121836.0
008 230725b |||||||| |||| 00| 0 eng d
020 _a 9781138483217
040 _aLibrary of Congress
_bEnglish
_cCBULib
_erda
041 _deng
050 _aT 58.8 Usu
100 _aUsubamatov, Ryspek
_9233
245 _aProductivity theory for industrial engineering
_c/ by Ryspek Usubamatov
260 _bCRC Press,
_c[2018]
_aUSA :
300 _axvi, 258 pages: illustrations
336 _2rdacontent
_aText |
_btxt
337 _2rdacontent
_aUnmediated |
_bn
338 _2rdacarrier
_aVolume
_bnb
650 0 _2Library of Congress
_9236
_aINDUSTRIAL PRODUCTIVITY
942 _2lcc
_c002
999 _c78636
_d78636